Responses for Show #9207 - Tuesday, November 19, 2024

Contestants

[<< previous game]

Christopher Burge, a high school teacher from Farmers Branch, Texas

Mikey McCullough, a librarian from Baltimore, Maryland

Paul Clauson, a tax analyst from Madison Heights, Michigan (whose 2-day cash winnings total $36,300)

[next game >>]

Jeopardy! Round responses

PEOPLE ON U.S. MONEY
TIMEPIECES
"OVER" & "UNDER"
Y2K MEMORIES
BILLBOARD MUSIC AWARDS
LANDLOCKED & LOADED
    $200 28
Martha Washington

Paul
    $200 26
a digital watch

Mikey
    $200 27
the underworld

Chris!
    $200 29
a butterfly

Mikey
    $200 30
Mariah Carey

Chris!
    $200 21
Uganda

Paul
    $400 4
[Ken acknowledges Mikey using her full name.]
...
(Ken: No relation I assume?)
(Mikey: No.)

the Treasury

Mikey
    $400 25
a cuckoo

Mikey
    $400 5
(Paul: What is oversaturation?)
(Chris!: What is [**]?)
[Ruled incorrect; reversed after the break]

overexposure (undersaturation)

PaulMikeyChris!
    $400 12
(Ken: "No [*]s", yes.)

scrub

Paul
    $400 22
The Jonas Brothers

Paul
    $400 20
(Ken: Quote from Butch and Sundance, yes.)

Bolivia

Chris!
    $600 3
McKinley

Chris!
    $600 24
a sundial

Chris!
    $600 6
under the knife

Mikey
    $600 11
baguette

Mikey
    $600 14
Eminem

Paul
    $600 18
Ethiopia

Paul
    $800 1
the $10,000 bill

Paul
    $800 23
mantel

Mikey
    $800 7
Overeaters Anonymous

Mikey
    $800 9
a milk carton

Mikey
    $800 13
"Gangsta's Paradise"

Paul
    $3,000 16
(Paul: What is... Eswatini?)
(Ken: No, sorry, [*], that relatively new country.)

South Sudan

Paul
    $1000 2
(Mikey: Um... who is... uh, William Jennings Bryan?)

(Daniel) Webster

MikeyChris!
    $1000 19
the Alexanderplatz

Chris!
    $1000 8
overshare

Paul
    $1000 10
Napster

Chris!
    $1000 15
Sia

Paul
    $1000 17
Armenia

Chris!

Scores at the first commercial break (after clue 15):

Paul Mikey Chris!
$4,200 $2,600 $3,000

Scores at the end of the Jeopardy! Round:

Paul Mikey Chris!
$2,600 $4,200 $6,400

Double Jeopardy! Round responses

LITERARY LOS ANGELES
MUSICAL INSTRUMENTS
IT'S RUINED
SITCOM NEIGHBORS
VETERINARY MEDICINE
FRENCH CROSSWORD CLUES
    $400 23
saxophone

Paul
    $400 28
[The end-of-round signal sounds.]

on the rocks

Mikey
    $400 21
Family Guy

Mikey
    $400 25
horses

Chris!
    $800 15
Fitzgerald

Mikey
    $2,000 22
(Mikey: Um... what is violon[*]?)

cello

Mikey
    $800 2
(Paul: What's Psalms?)

Proverbs

PaulMikey
    $800 10
Cosmo

Chris!
    $800 24
kidneys

Mikey
    $800 26
beret

Chris!
    $1200 16
Daisy Jones & the Six

Triple Stumper
    $1200 9
the mandolin

Paul
    $1200 3
Enron

Chris!
    $1200 5
(Chris!: Who is Sean... Jones?)

Sean Hayes

PaulChris!
    $1200 11
vitamin D

Paul
    $1200 19
au pair

Chris!
    $1600 17
Gibson

Paul
    $1600 1
a xylophone

Mikey
    $1600 7
the Hanseatic League

Paul
    $1600 4
Penny

Mikey
    $1600 12
cloves (clove oil)

Mikey
    $1600 18
décolletage

Triple Stumper
    $2000 20
(Raymond) Chandler

Mikey
    $2000 8
a harmonium

Paul
    $2000 14
(Ken: It's why [*] wrote about the decline and fall of the Roman Empire.)

Edward Gibbon

Triple Stumper
    $2000 6
Cedric the Entertainer

Mikey
    $2000 13
(Chris!: What is pamploma?)

parvovirus

MikeyChris!
    $6,000 27
(Ken: Now we have less than a minute to go, Chris.)
...
(Chris!: Au présent--what is au présent?)

de rigueur

Chris!

Scores at the end of the Double Jeopardy! Round:

Paul Mikey Chris!
$11,000 $20,200 $1,600

[wagering suggestions for these scores]

Final Jeopardy! Round responses

SPORTS & THE CITY
(Ken: [To Chris] Yes, [*] Slugger, the baseball Triple Crown and Churchill Downs where the Kentucky Derby is run--part of horse racing's Triple Crown.)
...
(Ken: [To Mikey] Ooh, she knew it was the Kentucky Derby but she put it in Lexington.)
Chris!What is Louisville?
$0
PaulWhat is St. Louis?
$11,000
MikeyWhat is Churchill Dow Lexington?)
$2,000
Louisville, Kentucky

Final scores:

Paul Mikey Chris!
$0 $18,200 $1,600
3rd place: $2,000 New champion: $18,200 2nd place: $3,000

Game dynamics:

Coryat scores:

Paul Mikey Chris!
$14,000 $19,000 $7,600
17 R,
3 W
(including 1 DD)
22 R
(including 1 DD),
1 W
15 R,
3 W
(including 1 DD)

Combined Coryat: $40,600

[game clues] [game scores] [suggest correction]

Game tape date: 2024-09-30
The J! Archive is created by fans, for fans. Scraping, republication, monetization, and malicious use prohibited; this site may use cookies and collect identifying information. See terms. The Jeopardy! game show and all elements thereof, including but not limited to copyright and trademark thereto, are the property of Jeopardy Productions, Inc. and are protected under law. This website is not affiliated with, sponsored by, or operated by Jeopardy Productions, Inc. Join the discussion at JBoard.tv.